000 00740nam a2200241Ia 4500
003 OSt
005 20220924124314.0
006 a|||||r|||| 00| 0
007 ta
008 220923b |||||||| |||| 00| 0 urd d
024 _a215803
037 _cTextual
040 _aARTS
_cARTS
_burd
041 _2urd
_aurd
082 _aO168,1L23w,1, 111N9
100 _aNaim C M Tr.
_926860
245 0 _aZikr e Mir
_b Autobiography of the eighteenth century Mughal Poet Mir Muhammad Taqi 'Mir' (1723-1810)
260 _aNew Delhi
_b Oxford university press
_c1999
300 _aviii, 214 p
_ccm.
650 _aURDU LITERATURE
942 _hO168,1L23w,1, 111N9
_cTEXL
_2CC
999 _c419205
_d419205